Country by River - Statistics

General Stats
  • This quiz has been taken 51 times
  • The average score is 10 of 11
Answer Stats
River Country % Correct
Amazon Brazil
100%
Yellow / Huang He China
100%
Nile Egypt
100%
Rhine Germany
100%
Mississippi United States
100%
Seine France
98%
Ganges India
98%
Thames United Kingdom
98%
Volga Russia
93%
Murray Australia
84%
Dnieper Ukraine
70%
No matching quizzes found
Score Distribution
Percent of People with Each Score
Percentile by Number Answered
Your Score History
You have not taken this quiz